000 00940nam a2200277Ia 4500
003 OSt
005 20220928131438.0
006 a|||||r|||| 00| 0
007 ta
008 220927b |||||||| |||| 00| 0 eng d
020 _cUKP 120.00
024 _a143172
037 _b091, 12/03/2020, Excel Book International
_cTextual
040 _aSDCL
_cSDCL
_beng
041 _2eng
_aeng
082 _aX:(G:55).43'P, R0
100 _aKhemka Nitya Mohan Ed.
_9478162
245 0 _aSocial development and the sustainable development goals in South Asia
260 _aLondon
_bRoutledge
_c2020
300 _axxix,219p.
_ccm.
490 _aRoutledge research on Asian development
650 _aBusiness Economics
_9391653
700 _a Suraj Kumar Ed.
_9478163
942 _hX:(G:55).43'P, R0
_cTEXL
_2CC
999 _c790669
_d790669